| 000 | 00432cam a2200169ua 4500 | ||
|---|---|---|---|
| 020 | _c3.25 | ||
| 041 |
_amal _h |
||
| 082 |
_a928.54 _bBAL/TI |
||
| 100 | _aBalakrishnan, P K . | ||
| 245 |
_aTipu Sultan / _cP K Balakrishnan. _hTextual Documents |
||
| 260 |
_aKottayam : _bSahitya Parishad Co Operative Society Limited , _c1959. |
||
| 300 | _a307 ; . | ||
| 365 | _a3.25 | ||
| 504 | _a | ||
| 942 | _cBK | ||
| 999 |
_c5049 _d5049 |
||